LEADER 01096nam0-2200349li-450 001 990000256820203316 005 20180312154831.0 035 $a0025682 035 $aUSA010025682 035 $a(ALEPH)000025682USA01 035 $a0025682 100 $a2001997011962-------y0itay0103----ba 101 0 $aeng 102 $aGB 200 1 $a<> introduction to the calculus of variations$fL. A. Pars 210 $aLondon [etc.]$cHeinemann$dcopyr. 1962 215 $aXI, 350 p.$cill.$d24 cm 610 1 $acalcolo delle variazioni 676 $a51564$9Calcolo delle variazioni 700 1$aPars,$bL. A.$0104502 801 $aSistema bibliotecario di Ateneo dell' Università di Salerno$gRICA 912 $a990000256820203316 951 $a515.64 PAR$b0016737/CBS$c515.64$d00221865 959 $aBK 969 $aSCI 979 $c19970108 979 $c20001110$lUSA01$h1715 979 $c20020403$lUSA01$h1634 979 $aPATRY$b90$c20040406$lUSA01$h1618 979 $aRSIAV7$b90$c20090527$lUSA01$h1129 996 $aIntroduction to the calculus of variations$91502437 997 $aUNISA LEADER 01166nam a2200313 i 4500 001 991001866259707536 008 060503s2006 ne b 001 0 eng d 020 $a0444527621 (hbk.) 024 3 $a9780444527622 035 $ab13439807-39ule_inst 040 $aDip.to Matematica$beng 082 0 $a517.352 084 $aAMS 26D10 084 $aLC QA1.N833 100 1 $aPachpatte, B. G.$058358 245 10$aIntegral and finite difference inequalities and applications /$cB.G. Pachpatte 260 $aAmsterdam :$bElsevier,$c2006 300 $ax, 309 p. ;$c25 cm 440 0$aNorth-Holland mathematics studies,$x0304-0208 ;$v205 504 $aIncludes bibliographical references and index 650 0$aDifferential inequalities 650 0$aIntegral inequalities 650 0$aFinite differences 907 $a.b13439807$b19-10-06$c03-10-06 912 $a991001866259707536 945 $aLE013 26D PAC12 (2006)$g1$i2013000203652$lle013$op$pE117.80$q-$rl$s- $t0$u0$v0$w0$x0$y.i14304661$z19-10-06 996 $aIntegral and finite difference inequalities and applications$9729022 997 $aUNISALENTO 998 $ale013$b03-10-06$cm$da $e-$feng$gne $h0$i0